Statistics for World's fastest growing economies

Click here to take the quiz!

General Stats

  • This quiz has been taken 82 times
  • The average score is 6 of 20

Answer Stats

GrowthCountry% Correct
7,8%China
88%
11,2%Niger
57%
8,4%Angola
40%
8,4%Iraq
40%
10,2%Afghanistan
33%
7,7%Rwanda
31%
19,8%Sierra Leone
31%
12,3%Mongolia
29%
8,3%Liberia
27%
8,0%Burkina Faso
25%
8,3%Laos
25%
104,5%Libya
25%
11,0%Turkmenistan
25%
8,2%Uzbekistan
25%
9,7%Bhutan
24%
10,0%East Timor
23%
9,8%Ivory Coast
23%
7,5%Tajikistan
23%
10,7%Panama
19%
9,1%Papua New Guinea
19%

Score Distribution

Percentile by Number Answered

Percent of People with Each Score

Your Score History

You have not taken this quiz